[Event "34th Chess Olympiad (men)"]
[Site "Istanbul"]
[Date "2000.10.28"]
[Round "1.44.1"]
[White "Frick, Renato"]
[Black "Zaw, Win"]
[WhiteElo "2156"]
[BlackElo "2578"]
[WhiteCountry "LIE"]
[BlackCountry "MYA"]
[Result "0-1"]

1. e4 e5 2. Nf3 Nc6 3. Bb5 a6 4. Bxc6 dxc6 5. O-O Qd6 6. d4 exd4 7. Nxd4 Bd7 
8. Be3 O-O-O 9. Qe2 Qg6 10. Nd2 Nh6 11. f3 f5 12. Qf2 fxe4 13. Nxe4 Ng4 
14. Qe1 c5 15. Nb3 Bb5 16. Bg5 Re8 17. Qh4 Bxf1 18. Qxg4+ Kb8 19. Rxf1 h6 
20. Qh4 c4 21. Nd4 hxg5 22. Qxg5 Qxg5 23. Nxg5 Bc5 24. c3 Re2 25. Rb1 Bxd4+ 
26. cxd4 Rd8 27. Kf1 Re7 28. Rd1 c5 29. d5 Re5 30. Ne4 Rexd5 31. Rd5 Rxd5 
32. Ke2 b5 33. h4 b4 34. g4 a5 35. a4 Kc7 36. h5 Kd7 37. h6 gxh6 38. Nf6+ Ke6 
39. Nxd5 Kxd5 40. Ke3 c3 41. bxc3 b3 
0-1

[Event "34th Chess Olympiad (men)"]
[Site "Istanbul"]
[Date "2000.10.28"]
[Round "1.44.4"]
[White "Wynn, Zaw Htun"]
[Black "Mannhart, Marcel"]
[WhiteElo "2434"]
[BlackElo "2061"]
[WhiteCountry "MYA"]
[BlackCountry "LIE"]
[Result "1-0"]

1. e4 d6 2. d4 Nf6 3. Nc3 c6 4. Nf3 Bg4 5. h3 Bxf3 6. Qxf3 e5 7. dxe5 dxe5 
8. Bc4 Nbd7 9. O-O Be7 10. Bg5 Qc7 11. Rad1 h6 12. Be3 O-O 13. Ne2 b5 
14. Bd3 Kh7 15. g4 Ng8 16. c3 g6 17. Bc2 Nb6 18. b3 Kg7 19. Qg3 Rad8 
20. f4 Rxd1 21. Rxd1 Bd6 22. fxe5 Bxe5 23. Bf4 f6 24. Nd4 Re8 25. Bxe5 fxe5 
26. Kg2 Nc8 27. Nf3 Qe7 28. Qf2 Nf6 29. Qd2 Qe6 30. g5 hxg5 31. Nxg5 Qe7 
32. b4 Nh5 33. Qd7 Qxd7 34. Rxd7+ Re7 35. Rd8 Nb6 36. Bb3 Nf4+ 37. Kf3 Rd7 
38. Rg8+ Kf6 39. Kg4 Rd3 40. Re8 Nd7 41. Be6 Nxe6 42. Rxe6+ Kg7 43. Rxc6 Nf6+ 
44. Kh4 Re3 45. Rc7+ Kg8 46. Rc5 a6 47. Rxe5 Rxc3 48. Re6 Kg7 49. Rxa6 Rc4 
50. Ra7+ Kg8 51. Ra8+ Kg7 52. Ra7+ Kg8 53. a3 Nxe4 54. Nxe4 Rxe4+ 55. Kg5 Re3 
56. Kxg6 Rg3+ 57. Kf6 Rxh3 58. Ke6 Rd3 59. Ke5 Kf8 60. Ke4 Rd6 61. Ke5 Rd3 
62. Ke6 Rd4 63. Ra5 Rd3 64. Rxb5 Rxa3 65. Rb8+ Kg7 66. b5 Re3+ 67. Kd6 Kf7 
68. Rb7+ Kf6 69. Rh7 Rd3+ 70. Kc7 Rc3+ 71. Kb7 Ke6 72. b6 Kd6 73. Kb8 Rb3 
74. b7 Rg3 75. Rh8 Kd7 76. Rc8 Rg1 77. Rc4 Kd6 78. Ra4 Kc6 79. Ka8 
1-0

[Event "34th Chess Olympiad (men)"]
[Site "Istanbul"]
[Date "2000.10.28"]
[Round "1.45.2"]
[White "Schepel, Kaarlo"]
[Black "Chan, Peng-Kong"]
[WhiteElo "2175"]
[BlackElo "2395"]
[WhiteCountry "HKG"]
[BlackCountry "SIN"]
[Result "0-1"]

1. e4 c5 2. a3 e6 3. b4 cxb4 4. axb4 Bb4 5. c3 Be7 6. d4 d5 7. e5 Nc6 8. Qg4 g6 
9. h4 h5 10. Qg3 Na5 11. Nd2 b6 12. Bb5+ Bd7 13. Bd3 Nh6 14. Ne2 Qc7 
15. Ba3 Ba3 16. Ra3 Qd8 17. Nf4 Qe7 18. Ra5 ba5 19. c4 dxc4 20. Nc4 Qb4+ 
21. Ke2 Nf5 22. Qg5 Nd4+ 23. Kf1 Qe7 24. Nd6+ Kf8 25. Qg6 fxg6 26. Ng6+ Kg7 
27. Ne7 Nc6 28. Ng6 Rh6 29. Nf4 Ne5 30. Rh3 Rf8 31. Rg3+ Ng4 32. Nh5+ Rh5 
33. Rg4+ Kf6 34. Bg6 Rd5 35. Ne4+ Ke7 36. h5 a4 37. Nc3 Rd2 38. Na4 Rff2+ 
39. Kg1 Ba4 40. Ra4 Rg2+ 41. Kf1 Rdf2+ 42. Ke1 Ra2 
0-1

[Event "34th Chess Olympiad (men)"]
[Site "Istanbul"]
[Date "2000.10.28"]
[Round "1.45.4"]
[White "Chan, Ping"]
[Black "Leong, Chee"]
[WhiteElo "2000"]
[BlackElo "2000"]
[WhiteCountry "HKG"]
[BlackCountry "SIN"]
[Result "0-1"]

1. e4 e6 2. d4 d5 3. Nc3 dxe4 4. Ne4 Bd7 5. c3 Bc6 6. Ng3 Nf6 7. Nf3 Nbd7 
8. Be2 Bd6 9. Bd2 b6 10. Qc2 Qe7 11. a3 a5 12. O-O a4 13. Rfe1 O-O 14. Bd3 Rfc8 
15. Re2 h6 16. Rae1 Nd5 17. c4 Nf4 18. Bf4 Bf4 19. d5 Bg3 20. hxg3 Bb7 
21. dxe6 Nf8 22. exf7+ Qf7 23. Re7 Qf6 24. Nh4 Rd8 25. Nf5 Rd7 26. Rd7 Nd7 
27. Re7 Nc5 28. Rg7+ Kh8 29. Rc7 Rd8 30. Bf1 Be4 31. Qc3 Qc3 32. bc3 Bf5 
33. Be2 Rd2 34. Bf3 Ra2 35. Rc6 Ra3 36. Rh6+ Kg7 37. Rb6 Rc3 38. g4 a3 
39. gf5 a2 40. f6+ Kh6 41. f7+ Kg7 42. Bh5 a1Q+ 43. Kh2 Nd7 44. Rg6+ Kf8 
45. Rg8+ Ke7 
0-1

[Event "34th Chess Olympiad (men)"]
[Site "Istanbul"]
[Date "2000.10.28"]
[Round "1.46.1"]
[White "Leyva, Hector"]
[Black "Olafsson, Helgi"]
[WhiteElo "2409"]
[BlackElo "2478"]
[WhiteCountry "ESA"]
[BlackCountry "ISL"]
[Result "1/2-1/2"]

1. d4 Nf6 2. Nf3 e6 3. c4 b6 4. g3 Ba6 5. b3 d5 6. Bg2 Be7 7. O-O O-O 
8. Ne5 Bb7 9. Bb2 Na6 10. Nd2 c5 11. e3 Rc8 12. Qe2 Rc7 13. Rac1 Qa8 
14. cxd5 exd5 15. a3 Qc8 16. Rfd1 Rd8 17. Nb1 Ne4 18. Nc3 cxd4 19. Nxe4 dxe4 
20. exd4 Qe6 21. b4 f6 22. b5 Nb8 23. Ng4 Bd6 24. Ne3 Re8 
1/2-1/2

[Event "34th Chess Olympiad (men)"]
[Site "Istanbul"]
[Date "2000.10.28"]
[Round "1.47.4"]
[White "Treu, Auke"]
[Black "Cummings, David H"]
[WhiteElo "2000"]
[BlackElo "2371"]
[WhiteCountry "SUR"]
[BlackCountry "CAN"]
[Result "0-1"]

1. e4 c5 2. c3 Nf6 3. e5 Nd5 4. d4 cd4 5. cd4 e6 6. Nc3 Nc3 7. bc3 Qc7 
8. Bd2 b6 9. Nf3 Bb7 10. Be2 d6 11. 0-0 Nd7 12. ed6 Bd6 13. g3 O-O 14. Nh4 Be7 
15. Ng2 Nf6 16. f3 Rfd8 17. Qb3 Rac8 18. Rac1 e5 19. Be3 Nd5 20. Bd2 ed4 
21. cd4 Qd7 22. Ne3 Bf6 23. Rc8 Rc8 24. Qd3 Ne7 25. Nc2 Ba6 26. Qa6 Rc2 
27. Be3 Bd4 28. Bd4 Qd4+ 29. Kh1 g6 30. Bd1 Rd2 31. Be2 Qe3 32. Bc4 Rb2 
33. Qa4 b5 34. Bb5 Qd2 35. Be2 Qe2 
0-1

[Event "34th Chess Olympiad (men)"]
[Site "Istanbul"]
[Date "2000.10.28"]
[Round "1.48.4"]
[White "Bagirov, Rufat"]
[Black "Manzanilla, Ernesto"]
[WhiteElo "2471"]
[BlackElo "2155"]
[WhiteCountry "AZE"]
[BlackCountry "GCI"]
[Result "1-0"]

1. d4 d5 2. Nf3 c6 3. c4 Nf6 4. Nc3 dc4 5. a4 e6 6. e3 a5 7. Bc4 Nbd7 
8. O-O Nb6 9. Bd3 Nbd5 10. e4 Nb4 11. Bg5 Be7 12. e5 Nfd5 13. Be7 Qe7 
14. Ne4 f5 15. ef6 gf6 16. Re1 Rg8 17. Bc4 b6 18. Nh4 Kd8 19. Nc3 Qg7 
20. g3 Ra7 21. Re4 Re7 22. Qe2 f5 23. Re5 Qf6 24. Ng2 Bd7 25. Qd2 h5 26. Rd1 h4 
27. Bd5 cd5 28. Nf4 hg3 29. fg3 Qg5 30. Qf2 Qg4 31. Rc1 Rh8 32. Re2 Rh4 33. Qe3 
1-0

[Event "34th Chess Olympiad (men)"]
[Site "Istanbul"]
[Date "2000.10.28"]
[Round "1.49.2"]
[White "De Silva, Nuwan"]
[Black "Mcnab, Colin A"]
[WhiteElo "2000"]
[BlackElo "2416"]
[WhiteCountry "SRI"]
[BlackCountry "SCO"]
[Result "0-1"]

1. d4 d6 2. e4 g6 3. Nc3 c6 4. f4 d5 5. ed5 cd5 6. Nf3 Nc6 7. Be2 Bg7 
8. 0-0 Nh6 9. Ne5 Nf5 10. Bb5 O-O 11. Bc6 bc6 12. g4 Nh6 13. Nc6 Qd6 
14. Nd5 Bg4 15. Nde7+ Kh8 16. Qd3 Rae8 17. Bd2 Re7 18. Ne7 Qe7 19. Rfe1 Qd6 
20. c3 Bd7 21. d5 Nf5 22. Re2 Qc5+ 23. Kf1 Bb5 24. b4 Qb4 25. cb4 Bd3 
26. Rae1 Nd4 
0-1

[Event "34th Chess Olympiad (men)"]
[Site "Istanbul"]
[Date "2000.10.28"]
[Round "1.49.4"]
[White "De Silva, Nirosh"]
[Black "Bryson, Douglas M"]
[WhiteElo "2162"]
[BlackElo "2370"]
[WhiteCountry "SRI"]
[BlackCountry "SCO"]
[Result "0-1"]

1. e4 d5 2. ed5 Nf6 3. c4 e6 4. d4 ed5 5. Nc3 Bb4 6. Bd3 O-O 7. Nge2 dc4 
8. Bc4 Nbd7 9. O-O Nb6 10. Bd3 Re8 11. Bg5 h6 12. Bh4 c6 13. Qc2 Be7 
14. Rfe1 Nfd5 15. Be7 Qe7 16. a3 Be6 17. Rad1 Rad8 18. Nd5 Bd5 19. Qd2 Nc4 
20. Bc4 Bc4 21. Ng3 Qd6 22. Nf5 Qf6 23. Re8+ Re8 24. Ne3 Be6 25. Qa5 a6 
26. Qb6 Qe7 27. h3 Rd8 28. a4 Rd7 29. a5 Qg5 30. Qc5 Qg6 31. Qe5 Bh3 
32. Kh2 Be6 33. f4 Bg4 34. Rc1 f6 35. Qb8+ Kh7 36. f5 Bf5 37. Qf4 Be4 
38. Rc4 Bd5 39. Rb4 Re7 40. Nd5 Qh5+ 41. Kg3 Qd5 
0-1

[Event "34th Chess Olympiad (men)"]
[Site "Istanbul"]
[Date "2000.10.28"]
[Round "1.50.1"]
[White "Bhowany, Harrynarain"]
[Black "Annageldyev, Orazly"]
[WhiteElo "2000"]
[BlackElo "2491"]
[WhiteCountry "MRI"]
[BlackCountry "TKM"]
[Result "0-1"]

1. d4 Nf6 2. c4 e6 3. Nc3 Bb4 4. Bg5 h6 5. Bd2 O-O 6. Nf3 c5 7. e3 d5 
8. a3 cxd4 9. Nxd4 Bxc3 10. Bxc3 Ne4 11. Rc1 Qh4 12. Qe2 dxc4 13. g3 Nxc3 
14. Rxc3 Qe4 15. f3 Qb1+ 16. Kf2 e5 17. Qc2 Qxc2+ 18. Nxc2 b5 19. Bg2 Bb7 
20. Rd1 a6 21. e4 Nc6 22. Ne3 Nd4 23. Rcc1 Rad8 24. Nc2 Nb3 25. Rb1 Nc5 26. Bf1 
0-1

[Event "34th Chess Olympiad (men)"]
[Site "Istanbul"]
[Date "2000.10.28"]
[Round "1.52.1"]
[White "Battin, Richard"]
[Black "Salmensuu, Olli"]
[WhiteElo "2020"]
[BlackElo "2458"]
[WhiteCountry "SEY"]
[BlackCountry "FIN"]
[Result "0-1"]

1. e4 c5 2. Nf3 d6 3. d4 cd4 4. Nd4 Nf6 5. Nc3 g6 6. Be3 Bg7 7. Be2 O-O 
8. O-O Nc6 9. Rb1 Bd7 10. Qd2 a6 11. f3 Ne5 12. Bg5 Rc8 13. f4 Nc4 14. Bc4 Rc4 
15. Qd3 b5 16. f5 Ne4 17. Be3 Rc3 18. bc3 Qc7 19. fg6 hg6 20. Rb3 Rc8 
21. Qe4 e5 22. Qf3 Rf8 23. Ne2 Qc4 24. Qf2 Be6 25. Ra3 Qc6 
0-1

[Event "34th Chess Olympiad (men)"]
[Site "Istanbul"]
[Date "2000.10.28"]
[Round "1.52.2"]
[White "Karttunen, Mika"]
[Black "Constance, Ryan"]
[WhiteElo "2399"]
[BlackElo "2000"]
[WhiteCountry "FIN"]
[BlackCountry "SEY"]
[Result "1-0"]

1. d4 d5 2. Nf3 Nc6 3. Bf4 Bg4 4. Nbd2 Nf6 5. h3 Bf3 6. Nf3 e6 7. e3 a6 
8. a3 Be7 9. c4 dc4 10. Bc4 O-O 11. O-O h6 12. Re1 Bd6 13. Ne5 Be5 14. de5 Qd1 
15. Red1 Ne4 16. Rac1 Rac8 17. Bd3 f5 18. ef6 Rf6 19. Be4 Na5 20. b4 Nb3 
21. Rc3 Rf7 22. Rb3 b6 23. Rbd3 c5 24. bc5 bc5 25. Rd8+ Rd8 26. Rd8+ Rf8 
27. Bh7+ Kf7 28. Bg6+ Kg8 29. Rf8+ Kf8 30. Bd6+ Kg8 31. Bc5 e5 32. e4 a5 
33. f4 ef4 34. e5 h5 35. e6 f3 36. e7 
1-0

[Event "34th Chess Olympiad (men)"]
[Site "Istanbul"]
[Date "2000.10.28"]
[Round "1.52.3"]
[White "Renaud, Kenny"]
[Black "Kallio, Heikki"]
[WhiteElo "2000"]
[BlackElo "2451"]
[WhiteCountry "SEY"]
[BlackCountry "FIN"]
[Result "0-1"]

1. e4 c5 2. Nf3 Nf6 3. Nc3 e6 4. d4 cxd4 5. Nxd4 d6 6. Rg1 Nc6 7. Bb5 Qc7 
8. f4 a6 9. Nxc6 axb5 10. Nd4 b4 11. Ncb5 Qb6 12. Qd3 e5 13. Nf3 Bd7 14. c4 d5 
15. Be3 Qa5 16. exd5 e4 17. Qd4 exf3 18. Qe5+ Kd8 19. Nd6 Bxd6 20. Qxd6 Re8 
21. Kd2 Ne4+ 
0-1

[Event "34th Chess Olympiad (men)"]
[Site "Istanbul"]
[Date "2000.10.28"]
[Round "1.52.4"]
[White "Holmsten, Aleksei"]
[Black "Pothin, Victor"]
[WhiteElo "2383"]
[BlackElo "2000"]
[WhiteCountry "FIN"]
[BlackCountry "SEY"]
[Result "1-0"]

1. e4 c5 2. Nf3 Nc6 3. d4 cxd4 4. Nxd4 e5 5. Nb5 d6 6. a4 Be6 7. N1c3 a6 
8. Na3 d5 9. exd5 Bb4 10. dxc6 Qxd1+ 11. Kxd1 Rd8+ 12. Bd2 bxc6 13. Bxa6 Nf6 
14. f3 O-O 15. Ke2 Rd6 16. Rhd1 Rfd8 17. Nc4 Bxc4+ 18. Bxc4 Bc5 19. Be3 Bd4 
20. Bxd4 exd4 21. Ne4 Re8 22. Kd3 Nxe4 23. fxe4 c5 24. Rf1 Re7 25. Rxf7 Rxf7 
26. Rf1 Rdf6 27. Rxf6 gxf6 28. a5 
1-0

[Event "34th Chess Olympiad (men)"]
[Site "Istanbul"]
[Date "2000.10.28"]
[Round "1.53.2"]
[White "Cedeno, Ahmed"]
[Black "Heidenfeld, Mark"]
[WhiteElo "2095"]
[BlackElo "2375"]
[WhiteCountry "PAN"]
[BlackCountry "IRL"]
[Result "0-1"]

1. e4 e5 2. Nf3 Nc6 3. d4 exd4 4. Nxd4 Qh4 5. Nb5 Qxe4+ 6. Be2 Kd8 7. O-O a6 
8. N5c3 Qe5 9. Nd2 f6 10. Re1 Qd4 11. Nce4 d5 12. c3 Qe5 13. Ng3 Qd6 
14. Nb3 Nge7 15. Bf3 Ne5 16. Be2 Bd7 17. Be3 Ba4 18. Qd4 Bb5 19. Rad1 Kc8 
20. Qd2 b6 21. Nd4 Bxe2 22. Qxe2 g6 23. b3 Kb7 24. Nc2 Bg7 25. Bc1 Rhe8 
26. c4 Qd7 27. Bb2 a5 28. Ne3 c6 29. Rd2 Rad8 30. Red1 Qe6 31. cxd5 cxd5 
32. Ne4 Qc6 33. Nc3 Bh6 34. Nb5 Bxe3 35. fxe3 Rd7 36. Rc2 Qe6 37. Ba3 N7c6 
38. Nd4 Nxd4 39. exd4 Ng4 40. Re1 Qe3+ 41. Qxe3 Rxe3 
0-1

[Event "34th Chess Olympiad (men)"]
[Site "Istanbul"]
[Date "2000.10.28"]
[Round "1.53.3"]
[White "Daly, Colm"]
[Black "Gardellini, Arnulfo"]
[WhiteElo "2357"]
[BlackElo "2000"]
[WhiteCountry "IRL"]
[BlackCountry "PAN"]
[Result "1-0"]

1. Nf3 Nf6 2. c4 c6 3. b3 g6 4. Bb2 Bg7 5. g3 O-O 6. Bg2 d5 7. O-O Bf5 
8. d3 Nbd7 9. Nbd2 Re8 10. Qc2 e5 11. e4 de4 12. de4 Bg4 13. h3 Bf3 14. Nf3 Qc7 
15. b4 c5 16. a3 a5 17. b5 Nf8 18. h4 Ng4 19. Bh3 h5 20. Rfd1 Ne6 21. Bg4 hg4 
22. Nh2 Nd4 23. Bd4 ed4 24. Ng4 d3 25. Qd3 Ba1 26. Ra1 Re6 27. Rd1 Qe7 
28. e5 Kg7 29. f4 Rh8 30. a4 b6 31. Qe4 Rd8 32. Rd5 Rh8 33. Qd3 Qe8 34. Kf2 Re7 
35. f5 gf5 36. Qf5 Re6 37. Nf6 Qe7 38. Qg5+ Kf8 39. h5 
1-0

[Event "34th Chess Olympiad (men)"]
[Site "Istanbul"]
[Date "2000.10.28"]
[Round "1.53.4"]
[White "Miranda, Adrian"]
[Black "Collins, Sam"]
[WhiteElo "2000"]
[BlackElo "2172"]
[WhiteCountry "PAN"]
[BlackCountry "IRL"]
[Result "0-1"]

1. e4 c5 2. b3 d6 3. g3 Nc6 4. Bb2 Nf6 5. Bg2 e5 6. Nc3 Bg4 7. f3 Be6 
8. Nge2 Be7 9. O-O Qd7 10. Re1 O-O 11. Qc1 a6 12. Nd1 d5 13. exd5 Nxd5 
14. Ne3 Rad8 15. Nc4 f6 16. Ne3 Nd4 17. Nc3 Nc7 18. Ne4 Bh3 19. Bh1 Be6 
20. Ba3 b6 21. Rb1 Bf7 22. Nf2 Bh5 23. g4 Bg6 24. d3 Nce6 25. b4 Ng5 
26. Qd1 Qc6 27. Ne4 Qa4 28. Bb2 Nh3+ 29. Kf1 cxb4 30. Bxd4 Rxd4 31. c3 Qxd1 
32. Rexd1 bxc3 33. Nc2 Ra4 34. Nxc3 Ra5 35. Rxb6 Rc8 36. Rb7 Bf8 37. Rb3 Bf7 
0-1

[Event "34th Chess Olympiad (men)"]
[Site "Istanbul"]
[Date "2000.10.28"]
[Round "1.54.1"]
[White "Ndlovu, Ignatious"]
[Black "El Taher, Fouad"]
[WhiteElo "2000"]
[BlackElo "2485"]
[WhiteCountry "BOT"]
[BlackCountry "EGY"]
[Result "0-1"]

1. c4 e5 2. Nc3 Nf6 3. g3 g6 4. Bg2 Bg7 5. d3 O-O 6. Nf3 Re8 7. O-O c6 
8. Qc2 h6 9. e4 Na6 10. a3 d5 11. Re1 dxc4 12. dxc4 Nc5 13. Rd1 Qc7 14. b4 Ne6 
15. Bb2 Nh7 16. h4 Nef8 17. Rd3 Bg4 
0-1

[Event "34th Chess Olympiad (men)"]
[Site "Istanbul"]
[Date "2000.10.28"]
[Round "1.54.3"]
[White "Samuel, Boipuso"]
[Black "Hassan, Sayed Barakat"]
[WhiteElo "2117"]
[BlackElo "2365"]
[WhiteCountry "BOT"]
[BlackCountry "EGY"]
[Result "0-1"]

1. e4 e6 2. d4 d5 3. e5 c5 4. c3 Nc6 5. Nf3 Bd7 6. a3 c4 7. b4 cb3 8. Qb3 Na5 
9. Qd1 Ne7 10. Bd3 h6 11. O-O Nc8 12. Nfd2 Nb6 13. f4 g6 14. Qg4 Qe7 
15. a4 O-O-O 16. Ba3 Qe8 17. Bb4 Bb4 18. cb4 Nc6 19. a5 Na8 20. b5 Nd4 
21. b6 ab6 22. ab6 Nb6 23. f5 Nc6 24. Rc1 Kb8 25. fg6 fg6 26. Bb5 Rc8 
27. Nc3 Qe7 28. Na4 h5 29. Qd1 Qb4 30. Rcb1 Qd4+ 31. Kh1 Na4 32. Ra4 Qe5 
33. Nc4 dc4 34. Qd7 Rhd8 35. Qf7 Qb5 36. Raa1 Ne5 37. Qf2 Qc5 38. Qa2 Kc7 
39. Qb2 Rb8 40. Ra7 Qa7 41. Qe5+ Rd6 
0-1

[Event "34th Chess Olympiad (men)"]
[Site "Istanbul"]
[Date "2000.10.28"]
[Round "1.55.1"]
[White "Ghaem, Maghami Ehsan"]
[Black "Luga, Allan"]
[WhiteElo "2488"]
[BlackElo "2000"]
[WhiteCountry "IRI"]
[BlackCountry "PNG"]
[Result "1-0"]

1. c4 d6 2. Nc3 e6 3. d4 Nf6 4. Nf3 Nc6 5. e4 Be7 6. Be2 O-O 7. O-O a6 8. h3 b6 
9. Bf4 Bb7 10. d5 ed5 11. cd5 Nb8 12. Rc1 Nbd7 13. Nd4 h6 14. Qc2 Rc8 
15. Nc6 Bc6 16. dc6 Nb8 17. Rfd1 Qe8 18. Nd5 Nd5 19. ed5 Bf6 20. Bg4 Rd8 
21. Re1 Be7 22. Re2 f5 23. Bf5 Qh5 24. g4 Qh3 25. Re7 Rf5 26. Qf5 Rf8 27. Qg6 
1-0

[Event "34th Chess Olympiad (men)"]
[Site "Istanbul"]
[Date "2000.10.28"]
[Round "1.55.2"]
[White "Press, Shaun"]
[Black "Bagheri, Amir"]
[WhiteElo "2000"]
[BlackElo "2409"]
[WhiteCountry "PNG"]
[BlackCountry "IRI"]
[Result "0-1"]

1. e4 c6 2. d4 d5 3. Nc3 de4 4. Ne4 Nf6 5. Nf6+ gf6 6. Bc4 Bf5 7. Nf3 e6 
8. Be3 Nd7 9. Qe2 Nb6 10. Bb3 a5 11. c3 a4 12. Bc2 Qd5 13. Bf5 Qf5 14. h3 Rg8 
15. g4 Qd5 16. Rg1 Nc4 17. g5 fg5 18. Rg5 Rg5 19. Bg5 h6 20. Bh4 Nd6 21. a3 Be7 
22. Be7 Ke7 23. O-O-O Rg8 24. Ne5 Qe4 25. Re1 Qe2 26. Re2 Rg1+ 27. Kc2 Nf5 
28. Nd3 Rh1 29. Nf4 Kf6 30. Kd3 Kg5 31. Ke4 Nd6+ 32. Kf3 Nc4 33. Kg2 Rd1 
34. Kg3 Kf5 35. Ng2 Rb1 36. Ne3+ Ne3 37. fe3 Ke4 38. Kg4 f5+ 39. Kh5 Rh1 
40. Kh6 Kf3 41. Rc2 Rh3+ 42. Kg6 Ke3 43. Kf6 f4 44. c4 f3 
0-1

[Event "34th Chess Olympiad (men)"]
[Site "Istanbul"]
[Date "2000.10.28"]
[Round "1.56.2"]
[White "Sharavdorj, Dashzeveg"]
[Black "Gruska, Vladimir"]
[WhiteElo "2448"]
[BlackElo "2000"]
[WhiteCountry "MGL"]
[BlackCountry "SMR"]
[Result "1-0"]

1. d4 Nf6 2. Nf3 b6 3. c4 e6 4. a3 Bb7 5. Nc3 d6 6. d5 Be7 7. g3 Nbd7 
8. Bg2 Rb8 9. O-O h5 10. dxe6 Bxf3 11. exd7+ Qxd7 
1-0

[Event "34th Chess Olympiad (men)"]
[Site "Istanbul"]
[Date "2000.10.28"]
[Round "1.56.3"]
[White "Righi, Ezio"]
[Black "Ganbold, Odondoo"]
[WhiteElo "2118"]
[BlackElo "2405"]
[WhiteCountry "SMR"]
[BlackCountry "MGL"]
[Result "0-1"]

1. e4 e5 2. Nf3 Nc6 3. Bb5 a6 4. Bxc6 dxc6 5. O-O Bg4 6. d3 Qf6 7. Nbd2 Ne7 
8. Nc4 Ng6 9. h3 Bxf3 10. Qxf3 Qxf3 11. gxf3 Be7 12. Be3 O-O-O 13. Kh2 Rhf8 
14. Rad1 f5 15. Bd2 b5 16. Na5 Rd6 17. Bb4 Rdf6 18. Bxe7 Nxe7 19. Rg1 Ng6 
20. d4 exd4 21. exf5 Ne5 22. Rxg7 Rxf5 23. c3 d3 24. Re7 Nxf3+ 25. Kg2 Rg8+ 
0-1

[Event "34th Chess Olympiad (men)"]
[Site "Istanbul"]
[Date "2000.10.28"]
[Round "1.56.4"]
[White "Erhembayar, Duurenbayar"]
[Black "Volpinari, Danilo"]
[WhiteElo "2301"]
[BlackElo "2084"]
[WhiteCountry "MGL"]
[BlackCountry "SMR"]
[Result "1-0"]

1. d4 d5 2. c4 c6 3. Nc3 e6 4. Nf3 dxc4 5. a4 Bb4 6. Ne5 b5 7. g3 Bb7 
8. Bg2 Qb6 9. Be3 Qc7 10. O-O a6 11. Bf4 Qb6 12. axb5 axb5 13. Rxa8 Bxa8 
14. Qa1 Bb7 15. Nxf7 Kxf7 16. Bxb8 Nf6 17. Be5 Be7 18. Qc1 Rf8 19. Qe3 Bc8 
20. Bh3 Rd8 21. Qf4 Qa7 22. Ne4 Kg8 23. Ng5 c5 24. Bxe6+ Bxe6 25. Nxe6 Ra8 
26. dxc5 Qxc5 
1-0

[Event "34th Chess Olympiad (men)"]
[Site "Istanbul"]
[Date "2000.10.28"]
[Round "1.57.1"]
[White "Espinosa, Rafael"]
[Black "Allen, Daryl"]
[WhiteElo "2406"]
[BlackElo "2000"]
[WhiteCountry "MEX"]
[BlackCountry "ISV"]
[Result "1-0"]

1. e4 e5 2. Nf3 d6 3. d4 ed4 4. Qd4 Nc6 5. Bb5 Bd7 6. Bc6 Bc6 7. Nc3 Nf6 
8. Bg5 Be7 9. O-O-O h6 10. Bh4 O-O 11. Rhe1 Ng4 12. Bg3 f5 13. ef5 Bf3 
14. gf3 Nf6 15. Qc4+ Kh8 16. Nb5 Nh5 17. Qc7 Bg5+ 18. Kb1 Rf5 19. Qd8+ Rd8 
20. Nd6 Rf3 21. Nb7 Rc8 22. Nd6 Rc6 23. Ne4 Ng3 24. fg3 
1-0

[Event "34th Chess Olympiad (men)"]
[Site "Istanbul"]
[Date "2000.10.28"]
[Round "1.57.3"]
[White "Estrada, Nieto Julian"]
[Black "Jackson, Francis"]
[WhiteElo "2397"]
[BlackElo "2000"]
[WhiteCountry "MEX"]
[BlackCountry "ISV"]
[Result "1-0"]

1. e4 e5 2. Nf3 d6 3. d4 ed4 4. Nd4 Be7 5. Nc3 Nf6 6. Be2 O-O 7. O-O c5 
8. Nb3 Bd7 9. Re1 Re8 10. Bg5 Qc7 11. Bc4 Be6 12. Be6 fe6 13. Nb5 Qc6 
14. Bf6 Bf6 15. Nd6 Rd8 16. e5 Be5 17. Re5 Rd6 18. Qe2 b6 19. Re1 Kf7 
20. Nd2 Nd7 21. Nc4 Re8 22. Nd6+ Qd6 23. Qh5+ Kf8 24. Qe8+ Ke8 25. Re6+ Qe6 
26. Re6+ Kf7 27. Re3 Kf6 28. f4 g6 29. Kf2 h6 30. Kf3 a6 31. c4 g5 32. Rd3 Ke6 
33. Rd7 Kd7 34. fg5 hg5 35. Kg4 Kd6 36. Kg5 Ke5 37. h4 
1-0

[Event "34th Chess Olympiad (men)"]
[Site "Istanbul"]
[Date "2000.10.28"]
[Round "1.58.2"]
[White "Weiss, Christian"]
[Black "Rideout, Dan"]
[WhiteElo "2386"]
[BlackElo "2000"]
[WhiteCountry "AUT"]
[BlackCountry "BER"]
[Result "1-0"]

1. c4 Nf6 2. Nc3 e6 3. Nf3 b6 4. g3 Bb7 5. Bg2 Be7 6. O-O O-O 7. d4 c5 8. d5
exd5 9. cxd5 d6 10. Nh4 Re8 11. e4 Bf8 12. Nf5 Bc8 13. Ne3 Nbd7 14. a4 a6 15.
g4 Ne5 16. g5 Nfd7 17. f4 Ng6 18. Nf5 f6 19. h4 fxg5 20. fxg5 Rb8 21. Qh5 Be7
22. b3 Ndf8 23. Bb2 Bxf5 24. exf5 Nf4 25. Rxf4 Bxg5 26. Rg4 h6 27. Ne4 Nh7 28.
Nxg5 hxg5 29. f6 gxf6 30. Be4 Rb7 31. Bxh7+ Rxh7 32. Rxg5+ Rg7 1-0